| 000 | 00000nam 2200000zi 4500 |
| 001 | 9.923947 |
| 003 | CaOODSP |
| 005 | 20230615162746 |
| 006 | m o d f |
| 007 | cr bn||||||||| |
| 008 | 230615t19811981onc o f000 0 eng d |
| 020 | |z0662114817 |
| 040 | |aCaOODSP|beng|erda|cCaOODSP |
| 043 | |an-cn--- |
| 086 | 1 |aST31-9/1981E-PDF|zST31-9/1981E |
| 245 | 00|aBiotechnology : |ba development plan for Canada / |creport of the Task Force on Biotechnology to the Minister of State for Science and Technology. |
| 264 | 1|aOttawa : |bMinister of State for Science and Technology, |c1981. |
| 264 | 4|c©1981 |
| 300 | |a1 online resource (vii, 51 pages) |
| 336 | |atext|btxt|2rdacontent |
| 337 | |acomputer|bc|2rdamedia |
| 338 | |aonline resource|bcr|2rdacarrier |
| 500 | |aDigitized edition from print [produced by Innovation, Science and Economic Development Canada]. |
| 500 | |aIssued also in French under title: Biotechnologie : un plan de deĢveloppment pour le Canada. |
| 650 | 0|aBiotechnology|zCanada. |
| 650 | 0|aBiochemical engineering|zCanada. |
| 650 | 0|aIndustrial microbiology|zCanada. |
| 710 | 1 |aCanada. |bMinistry of State, Science and Technology, |eissuing body. |
| 775 | 08|tBiotechnologie : |w(CaOODSP)9.923949 |
| 856 | 40|qPDF|s686 KB|uhttps://publications.gc.ca/collections/collection_2023/isde-ised/ST31-9-1981-eng.pdf |